Derecho penal
Guardat en:
| Autor principal: | |
|---|---|
| Format: | Llibre |
| Idioma: | espanyol |
| Publicat: |
Madrid
Civitas
1978
|
| Col·lecció: | Tratados y Manuales
|
| Matèries: | |
| Etiquetes: |
Afegir etiqueta
Sense etiquetes, Sigues el primer a etiquetar aquest registre!
|
MARC
| LEADER | 00000cam a2200000 a 4500 | ||
|---|---|---|---|
| 001 | UCT8759 | ||
| 003 | CL-VaPUC | ||
| 008 | 970326e19780000SP |||||||||||||||||spa|d | ||
| 020 | |a 8473980565 | ||
| 082 | 0 | 4 | |a 345 |b ROD |2 21 |
| 100 | 0 | |a Rodríguez Mourullo, Gonzalo |e author |9 380768 | |
| 245 | 1 | 0 | |a Derecho penal |
| 300 | |a v | ||
| 942 | |c BK | ||
| 945 | |d 19970326 00:00:00 |a paguirre | ||
| 260 | |a Madrid |b Civitas |c 1978 | ||
| 500 | |a v.1: Parte general | ||
| 650 | 7 | |a DERECHO PENAL |2 CL-VaPUC |9 11 | |
| 650 | 0 | |a Derecho público |9 255910 | |
| 650 | 0 | |a Códigos |9 352314 | |
| 650 | 7 | |a LEY |2 CL-VaPUC |9 380769 | |
| 650 | 0 | |a Normas jurídicas |9 258310 | |
| 650 | 7 | |a NORMAS PENALES |2 CL-VaPUC |9 380770 | |
| 650 | 0 | |a Ley penal |9 256611 | |
| 650 | 0 | |a Delitos |9 224143 | |
| 650 | 7 | |a EXTRADICION |2 CL-VaPUC |9 256292 | |
| 650 | 7 | |a TIPICIDAD |2 CL-VaPUC |9 258099 | |
| 583 | |a last modification |c 20180824 10:31:56 |k Rodrigo Vera | ||
| 490 | 0 | |a Tratados y Manuales | |
| 999 | |c 257243 |d 257241 | ||
| 952 | |0 0 |1 0 |3 erb |4 0 |6 345_000000000000000_ROD_1978 |7 0 |8 A |9 280536 |a BIBDER |b BIBDER |e Mateluna Arestizabal, Alfredo Sergio |h v.1 |i 5489725 |l 3 |o 345 ROD 1978 |p 5489725 |r 2024-05-10 |s 2024-05-10 |w 2019-11-19 |y BK |z Catalogado en:20180824 |k DER | ||